[Event "European Blitz Championship 2021"]
[Site "Katowice"]
[Date "2021.12.17"]
[Round "7.15"]
[White "Krzywda, Andrzej"]
[Black "Kaliszuk, Kamil"]
[Result "0-1"]
[WhiteElo "2100"]
[BlackElo "1830"]
[Annotator "NA"]
[PlyCount "97"]
[EventDate "2021.12.17"]
[EventType "swiss"]
[EventCountry "POL"]
[SourceTitle "playchess.com"]
[Source "ChessBase"]
[SourceQuality "1"]

1. e4 c5 2. Nc3 Nc6 3. Bb5 g6 4. Bxc6 dxc6 5. d3 Bg7 6. f4 h5 7. Nf3 Nf6 8. O-O
Bg4 9. Be3 b6 10. h3 Bxf3 11. Qxf3 h4 12. f5 gxf5 13. Qxf5 Qd7 14. Bg5 Rh5 15.
Qxd7+ Nxd7 16. Bd2 Bd4+ 17. Kh1 f6 18. Rae1 O-O-O 19. Nd1 Be5 20. b3 Bg3 21.
Re2 Rg8 22. Ne3 Nf8 23. Nf5 Kd7 24. Bf4 Ne6 25. Bxg3 hxg3 26. c3 a5 27. Rf3
Rhg5 28. Rd2 Ke8 29. d4 cxd4 30. cxd4 c5 31. d5 Nd8 32. d6 Nc6 33. dxe7 Nxe7
34. Nd6+ Kf8 35. Rxf6+ Kg7 36. Rf7+ Kh8 37. Rxe7 Rf8 38. Nf5 b5 39. Rdd7 Rh5
40. Kg1 c4 41. bxc4 bxc4 42. Rc7 Rd8 43. Red7 Rb8 44. Rd1 Rh7 45. Rxh7+ Kxh7
46. Nxg3 c3 47. Rc1 Rb2 48. a4 c2 49. Kf2 0-1

[Event "European Blitz Championship 2021"]
[Site "Katowice"]
[Date "2021.12.17"]
[Round "7.16"]
[White "Kacprzak, Kacper"]
[Black "Nasuta, Grzegorz"]
[Result "1/2-1/2"]
[WhiteElo "2245"]
[BlackElo "2377"]
[Annotator "NA"]
[PlyCount "100"]
[EventDate "2021.12.17"]
[EventType "swiss"]
[EventCountry "POL"]
[SourceTitle "playchess.com"]
[Source "ChessBase"]
[SourceQuality "1"]

1. e4 e5 2. Nf3 Nc6 3. Bb5 a6 4. Ba4 Nf6 5. O-O Be7 6. d3 b5 7. Bb3 d6 8. a3
O-O 9. Nc3 Na5 10. Ba2 Be6 11. b4 Bxa2 12. Rxa2 Nc6 13. Nd5 Nxd5 14. exd5 Na7
15. c4 c6 16. dxc6 Nxc6 17. Rc2 Qd7 18. Bb2 Rfd8 19. Qe2 Bf6 20. Rfc1 bxc4 21.
dxc4 Qe6 22. Qe4 Ne7 23. h3 g6 24. Rd2 Rac8 25. Qb7 Rxc4 26. Qxa6 Rxc1+ 27.
Bxc1 Nf5 28. Bb2 e4 29. Nd4 Nxd4 30. Bxd4 Bxd4 31. Rxd4 e3 32. Qe2 exf2+ 33.
Qxf2 Rc8 34. Qd2 Qb3 35. Rd3 Qb1+ 36. Kh2 Rc1 37. Rxd6 Rh1+ 38. Kg3 Qb3+ 39.
Rd3 Qe6 40. Rd8+ Kg7 41. Qd4+ Kh6 42. Qd2+ Kg7 43. Qd4+ Kh6 44. Rg8 Qe1+ 45.
Qf2 Qc3+ 46. Qf3 Qe1+ 47. Qf2 Qc3+ 48. Qf3 Qe1+ 49. Qf2 Qc3+ 50. Qf3 Qe1+
1/2-1/2

[Event "European Blitz Championship 2021"]
[Site "Katowice"]
[Date "2021.12.17"]
[Round "7.16"]
[White "Dylag, Emilia"]
[Black "Koziorowicz, Michal"]
[Result "1/2-1/2"]
[WhiteElo "2008"]
[BlackElo "2094"]
[Annotator "NA"]
[PlyCount "169"]
[EventDate "2021.12.17"]
[EventType "swiss"]
[EventCountry "POL"]
[SourceTitle "playchess.com"]
[Source "ChessBase"]
[SourceQuality "1"]

1. d4 f5 2. c4 Nf6 3. Nc3 e6 4. Qc2 Be7 5. e3 O-O 6. Bd3 d6 7. Nge2 Nc6 8. a3
Qe8 9. O-O Bd8 10. f3 Qh5 11. Nf4 Qf7 12. b4 e5 13. dxe5 dxe5 14. Nfd5 Nxd5 15.
cxd5 Ne7 16. Bb2 Kh8 17. Rad1 Ng6 18. Bc4 Qe7 19. Nb5 Qg5 20. Bc1 a6 21. Nc3
Be7 22. Ne2 Bd6 23. f4 exf4 24. exf4 Qh4 25. Rf3 Bd7 26. Rh3 Qe7 27. Qd3 Rae8
28. Qg3 a5 29. Qxg6 h6 30. Qg3 axb4 31. axb4 Bxb4 32. Bb2 Kh7 33. Nd4 Qc5 34.
Qd3 Re4 35. Kh1 Rfe8 36. Rf3 Ba4 37. Rdf1 Bd7 38. Rg3 R8e7 39. Ne6 Bxe6 40.
dxe6 Qxc4 41. Qxc4 Rxc4 42. Rd1 Re4 43. Be5 Bd6 44. Bxd6 cxd6 45. h3 R7xe6 46.
Rgd3 Re1+ 47. Kh2 Rxd1 48. Rxd1 Kg6 49. Rb1 Re7 50. Rb6 Rd7 51. Kg3 Kf6 52. Kf3
Ke6 53. Ke3 Rc7 54. Kd4 Kd7 55. Kd5 Rc5+ 56. Kd4 Kc7 57. Rb3 b5 58. Rg3 Kc6 59.
Rxg7 Rc4+ 60. Ke3 Re4+ 61. Kf3 Ra4 62. g4 Ra3+ 63. Kg2 fxg4 64. hxg4 Kd5 65.
Re7 b4 66. f5 b3 67. f6 b2 68. Rb7 Ke6 69. f7 b1=Q 70. f8=N+ Kf6 71. Rxb1 Ra8
72. Rf1+ Kg5 73. Kg3 Ra3+ 74. Rf3 Ra4 75. Ne6+ Kg6 76. Nf4+ Kg5 77. Nh3+ Kg6
78. Rd3 Ra6 79. Nf4+ Kf6 80. Kf3 Ke5 81. Ng6+ Kf6 82. Nh4 Ke5 83. Nf5 h5 84.
Ne3 hxg4+ 85. Nxg4+ 1/2-1/2

[Event "European Blitz Championship 2021"]
[Site "Katowice"]
[Date "2021.12.17"]
[Round "7.17"]
[White "Balog, Imre"]
[Black "Wilk, Krzysztof"]
[Result "1/2-1/2"]
[WhiteElo "2573"]
[BlackElo "2206"]
[Annotator "RC"]
[PlyCount "228"]
[EventDate "2021.12.17"]
[EventType "swiss"]
[EventCountry "POL"]
[SourceTitle "playchess.com"]
[Source "ChessBase"]
[SourceQuality "1"]

1. e4 c6 2. d4 d5 3. f3 f5 4. e5 e6 5. c4 dxc4 6. Bxc4 Ne7 7. Ne2 Nd5 8. Nbc3
Nd7 9. Nxd5 cxd5 10. Bd3 Nb6 11. O-O Be7 12. Bd2 O-O 13. Rc1 Bd7 14. Nf4 Rc8
15. Qe2 g5 16. Nh5 Be8 17. Ng3 f4 18. Nh1 Bg6 19. Bxg6 hxg6 20. Ba5 Qd7 21.
Bxb6 axb6 22. Nf2 Rc6 23. Rc3 Rfc8 24. Rfc1 Bb4 25. R3c2 b5 26. Nd3 Be7 27. g3
fxg3 28. hxg3 Rxc2 29. Rxc2 Rc4 30. b3 Rc6 31. Kf2 Qc8 32. Rxc6 Qxc6 33. Qd2
Kf7 34. Qc1 Qxc1 35. Nxc1 b6 36. Ne2 Bb4 37. Ke3 Ke7 38. Kd3 Be1 39. g4 Kd7 40.
Kc2 Kc6 41. f4 Bh4 42. Kd3 Kd7 43. Ke3 b4 44. Kf3 Ke7 45. Nc1 Be1 46. Nd3 Bd2
47. fxg5 Kf7 48. Ke2 Bc3 49. Kd1 Ke7 50. Kc2 Kf7 51. a3 Bxd4 52. axb4 Be3 53.
b5 Bxg5 54. Kc3 Be7 55. Kd4 g5 56. Nb2 Bc5+ 57. Kd3 Ke8 58. Na4 Bg1 59. Nc3 Ke7
60. Ne2 Bc5 61. Kc3 Kf7 62. Kc2 Bf8 63. Kd3 Bc5 64. Kd2 Bb4+ 65. Ke3 Bc5+ 66.
Kd3 Ke7 67. Nc1 Kf7 68. Na2 Bf8 69. Nc3 Bc5 70. Ne2 Ke7 71. Ng3 Kf7 72. Nf1 Be7
73. Nd2 Ke8 74. Nf3 Kd7 75. Nd4 Bc5 76. Nc2 Be7 77. b4 Bf8 78. Kd4 Be7 79. Kc3
Bf8 80. Ne1 Bg7 81. Nf3 Ke8 82. Kd4 Kf7 83. Nxg5+ Ke7 84. Nf3 Kf7 85. Kd3 Bf8
86. Kc3 Bg7 87. Kd3 Bf8 88. Kc3 Bg7 89. Kd4 Bf8 90. Ng5+ Ke7 91. Kd3 Bh6 92.
Nf3 Bg7 93. Ke3 Kf7 94. Kf4 Bh6+ 95. g5 Bf8 96. Nd4 Bxb4 97. g6+ Kxg6 98. Nxe6
Bd2+ 99. Kg4 Be3 100. Nc7 d4 101. Nd5 Kf7 102. Kf3 Bg1 103. Ke4 Ke6 104. Nxb6
d3 105. Nc4 Bh2 106. b6 d2 107. Nxd2 Bxe5 108. Nc4 Bb8 109. Kd4 Bh2 110. Ke4
Bg3 111. Na5 Kd7 112. Kd5 Bf2 113. b7 Bg3 114. b8=Q Bxb8 1/2-1/2

[Event "European Blitz Championship 2021"]
[Site "Katowice"]
[Date "2021.12.17"]
[Round "7.17"]
[White "Karolczuk, Iwo"]
[Black "Rog, Bartlomiej"]
[Result "1-0"]
[WhiteElo "2093"]
[BlackElo "1719"]
[Annotator "NA"]
[PlyCount "53"]
[EventDate "2021.12.17"]
[EventType "swiss"]
[EventCountry "POL"]
[SourceTitle "playchess.com"]
[Source "ChessBase"]
[SourceQuality "1"]

1. d4 c6 2. Nf3 d5 3. c4 Bg4 4. e3 Nf6 5. cxd5 cxd5 6. Qb3 Qc7 7. Nc3 Bxf3 8.
gxf3 e6 9. Bd2 Nc6 10. Rc1 Qd7 11. Rg1 Rc8 12. Na4 g6 13. Bd3 Bd6 14. f4 O-O
15. h4 Ne7 16. Nc5 Bxc5 17. dxc5 Nf5 18. Rc2 Qc6 19. Bc3 d4 20. exd4 Nd5 21.
Be4 Qd7 22. h5 Nxf4 23. Qxb7 Rc7 24. Qa6 Nxd4 25. Rd2 e5 26. hxg6 fxg6 27. Bxd4
1-0

[Event "European Blitz Championship 2021"]
[Site "Katowice"]
[Date "2021.12.17"]
[Round "7.18"]
[White "Bjerre, Jonas"]
[Black "Kovalenko, Igor"]
[Result "0-1"]
[WhiteElo "2201"]
[BlackElo "2668"]
[Annotator "RC"]
[PlyCount "105"]
[EventDate "2021.12.17"]
[EventType "swiss"]
[EventCountry "POL"]
[SourceTitle "playchess.com"]
[Source "ChessBase"]
[SourceQuality "1"]

1. e4 d5 2. exd5 Qxd5 3. Nc3 Qa5 4. d4 Nf6 5. Nf3 Bf5 6. Bd2 e6 7. Bc4 Bb4 8.
a3 Bxc3 9. Bxc3 Qb6 10. Ne5 c6 11. g4 Be4 12. f3 Bd5 13. Bd3 Nbd7 14. Nxd7 Nxd7
15. Qe2 Qc7 16. Bd2 e5 17. c4 Be6 18. f4 f6 19. dxe5 fxe5 20. Bc3 O-O-O 21. f5
Bf7 22. O-O-O Rhe8 23. Bc2 e4 24. Bxg7 Nb6 25. Rxd8+ Qxd8 26. Bc3 Qg5+ 27. Kb1
Bxc4 28. Qf2 e3 29. Qg3 Nd5 30. Bd4 e2 31. Re1 Qd2 32. Bxa7 Kd7 33. f6 Ba2+ 34.
Kxa2 Qxc2 35. Bd4 Qc4+ 36. Qb3 Qxd4 37. Qxb7+ Nc7 38. f7 Qd5+ 39. Qb3 Rf8 40.
Rxe2 Qxb3+ 41. Kxb3 Rxf7 42. a4 Rf4 43. h3 Na6 44. Re5 Rf3+ 45. Kc4 Rxh3 46. b4
Rh4 47. Rg5 h5 48. b5 Rxg4+ 49. Rxg4 hxg4 50. bxc6+ Kxc6 51. Kd4 Nc5 52. Ke3
Nd7 53. Ke4 0-1

[Event "European Blitz Championship 2021"]
[Site "Katowice"]
[Date "2021.12.17"]
[Round "7.18"]
[White "Wiecek, Pawel"]
[Black "Batashevs, Arsens"]
[Result "0-1"]
[WhiteElo "1871"]
[BlackElo "2091"]
[Annotator "NA"]
[PlyCount "112"]
[EventDate "2021.12.17"]
[EventType "swiss"]
[EventCountry "POL"]
[SourceTitle "playchess.com"]
[Source "ChessBase"]
[SourceQuality "1"]

1. d4 g6 2. c4 Bg7 3. Nc3 c5 4. d5 Bxc3+ 5. bxc3 f5 6. Nf3 Qa5 7. Qc2 Nf6 8.
Nd2 d6 9. Nb3 Qa6 10. e3 Nbd7 11. Be2 Nb6 12. Nd2 Bd7 13. O-O Nbxd5 14. Bf3 Nb6
15. e4 Nxc4 16. Nxc4 Qxc4 17. exf5 Bxf5 18. Qb2 Rb8 19. Rd1 O-O 20. Bg5 Kg7 21.
Re1 e6 22. Qd2 d5 23. Bh6+ Kf7 24. Bxf8 Rxf8 25. Be2 Qa4 26. Bd3 Bxd3 27. Qxd3
b5 28. Qe3 Re8 29. Qxc5 Qc4 30. Qxa7+ Re7 31. Qd4 Rc7 32. Rec1 Ne4 33. f3 Nd6
34. Qxc4 Rxc4 35. Kf2 Nb7 36. Rab1 Nc5 37. Rxb5 Nd3+ 38. Ke3 Nxc1 39. Rb7+ Kf6
40. Rxh7 Nxa2 41. h4 Nxc3 42. g4 Nb5 43. g5+ Ke5 44. h5 gxh5 45. g6 Kf6 46. g7
Kf7 47. f4 Kg8 48. Rh6 Kxg7 49. Rxe6 h4 50. Re7+ Kg6 51. Rd7 Nc3 52. Rd6+ Kf5
53. Kd3 Kxf4 54. Rh6 Kg3 55. Rg6+ Rg4 56. Rh6 h3 0-1

[Event "European Blitz Championship 2021"]
[Site "Katowice"]
[Date "2021.12.17"]
[Round "7.19"]
[White "Sumets, Andrey"]
[Black "Niedbala, Bartlomiej"]
[Result "0-1"]
[WhiteElo "2527"]
[BlackElo "2179"]
[Annotator "ChessBase"]
[PlyCount "75"]
[EventDate "2021.12.17"]
[EventType "swiss"]
[EventCountry "POL"]
[SourceTitle "playchess.com"]
[Source "ChessBase"]
[SourceQuality "1"]

1. d4 Nf6 2. c4 e6 3. Nf3 d5 4. g3 Be7 5. Bg2 O-O 6. Qc2 c5 7. O-O cxd4 8. Nxd4
Nc6 9. Nxc6 bxc6 10. b3 a5 11. Nc3 Ba6 12. Rd1 Qc8 13. Na4 Qb7 14. Bd2 Bb4 15.
Rac1 Bxd2 16. Qxd2 h6 17. e3 Qb8 18. Nc5 Qb6 19. Na4 Qb8 20. Qd4 Re8 21. cxd5
cxd5 22. Rc6 Nd7 23. Rdc1 Bb5 24. Rc7 Bxa4 25. Qxa4 Nf6 26. Bf3 Rd8 27. R1c5
Qb6 28. Qb5 Qd6 29. Rb7 Qe5 30. Rcc7 Rf8 31. a4 g5 32. h3 h5 33. Qc5 g4 34.
hxg4 hxg4 35. Be2 Ne4 36. Qc2 Qf5 37. Bd3 Rad8 38. Bxe4 0-1

[Event "European Blitz Championship 2021"]
[Site "Katowice"]
[Date "2021.12.17"]
[Round "7.19"]
[White "Lis, Mateusz"]
[Black "Warchol, Kamil"]
[Result "0-1"]
[WhiteElo "2061"]
[BlackElo "1706"]
[Annotator "NA"]
[PlyCount "54"]
[EventDate "2021.12.17"]
[EventType "swiss"]
[EventCountry "POL"]
[SourceTitle "playchess.com"]
[Source "ChessBase"]
[SourceQuality "1"]

1. e4 c5 2. Nf3 e6 3. d4 cxd4 4. Nxd4 a6 5. Bd3 Nc6 6. Be3 Nf6 7. O-O Qc7 8. c4
Be7 9. Nc3 O-O 10. f3 Ne5 11. Qe2 Nxd3 12. Qxd3 d6 13. Rac1 Bd7 14. Rfd1 Rfd8
15. Qe2 Rac8 16. Qf2 Qb8 17. b3 b5 18. cxb5 axb5 19. Nce2 d5 20. Ng3 dxe4 21.
Nxe4 Nd5 22. Bg5 Bxg5 23. Nxg5 Rxc1 24. Rxc1 Qf4 25. Qc2 Qxg5 26. Kh1 h6 27.
Ne2 Ne3 0-1

[Event "European Blitz Championship 2021"]
[Site "Katowice"]
[Date "2021.12.17"]
[Round "7.20"]
[White "Motylev, Alexander"]
[Black "Lewtak, Damian"]
[Result "0-1"]
[WhiteElo "2633"]
[BlackElo "2203"]
[Annotator "RC"]
[PlyCount "106"]
[EventDate "2021.12.17"]
[EventType "swiss"]
[EventCountry "POL"]
[SourceTitle "playchess.com"]
[Source "ChessBase"]
[SourceQuality "1"]

1. Nf3 g6 2. e4 Bg7 3. d4 b6 4. Bc4 Bb7 5. Qe2 e6 6. O-O h6 7. Nc3 d6 8. a4 a5
9. h3 Ne7 10. Bf4 g5 11. Bh2 Ng6 12. Qe3 Ba6 13. Nd2 Bxc4 14. Nxc4 O-O 15. Nb5
Na6 16. Rad1 f5 17. f3 f4 18. Qe2 d5 19. Ne5 Nxe5 20. dxe5 c6 21. Nd4 Qe8 22.
b3 Bxe5 23. Rfe1 Bxd4+ 24. Rxd4 e5 25. Rdd1 d4 26. Kh1 Qe6 27. Bg1 c5 28. c3
Kf7 29. Qb5 Nc7 30. Qe2 h5 31. Rc1 g4 32. cxd4 exd4 33. Bxd4 gxh3 34. Bb2 Rg8
35. Qc4 Rxg2 36. Be5 Qxc4 37. bxc4 Ne6 38. Rcd1 Rag8 39. Rd7+ Ke8 40. Rb7 h2
41. Rb8+ Nd8 42. Ra1 Kd7 43. Rxb6 Nc6 44. Bc3 Rc2 45. Rd1+ Kc7 46. Rxc6+ Kxc6
47. Be5 Rcg2 48. Rd6+ Kb7 49. Rd7+ Kc8 50. Rc7+ Kd8 51. Ra7 R8g6 52. Bxf4 Rf2
53. Bc7+ Kc8 0-1

[Event "European Blitz Championship 2021"]
[Site "Katowice"]
[Date "2021.12.17"]
[Round "7.20"]
[White "Gretarsson, Helgi Ass"]
[Black "Deren, Marcin"]
[Result "1-0"]
[WhiteElo "2476"]
[BlackElo "1936"]
[Annotator "ChessBase"]
[PlyCount "53"]
[EventDate "2021.12.17"]
[EventType "swiss"]
[EventCountry "POL"]
[SourceTitle "playchess.com"]
[Source "ChessBase"]
[SourceQuality "1"]

1. d4 Nf6 2. c4 e6 3. Nf3 d5 4. Nc3 Be7 5. Bf4 O-O 6. e3 a6 7. Rc1 c6 8. a3
Nbd7 9. h3 Ne4 10. Bd3 Ndf6 11. O-O h6 12. Bxe4 Nxe4 13. Nxe4 dxe4 14. Nd2 f5
15. c5 Bg5 16. Bd6 Be7 17. Bh2 Qe8 18. Nc4 Bf6 19. Nb6 Bd7 20. Nxa8 Qxa8 21.
Bd6 Re8 22. f3 exf3 23. Qxf3 a5 24. Rcd1 Qa6 25. e4 fxe4 26. Qxe4 Qc4 27. Rxf6
1-0

[Event "European Blitz Championship 2021"]
[Site "Katowice"]
[Date "2021.12.17"]
[Round "7.21"]
[White "Kjartansson, Gudmundur"]
[Black "Seemann, Jakub"]
[Result "1-0"]
[WhiteElo "2382"]
[BlackElo "2296"]
[Annotator "NA"]
[PlyCount "81"]
[EventDate "2021.12.17"]
[EventType "swiss"]
[EventCountry "POL"]
[SourceTitle "playchess.com"]
[Source "ChessBase"]
[SourceQuality "1"]

1. Nf3 Nf6 2. c4 e6 3. Nc3 d5 4. d4 c5 5. cxd5 Nxd5 6. e4 Nxc3 7. bxc3 cxd4 8.
cxd4 Bb4+ 9. Bd2 Bxd2+ 10. Qxd2 O-O 11. Bc4 Nd7 12. O-O b6 13. Rfe1 Bb7 14.
Rad1 Rc8 15. Bb3 Re8 16. Re3 h6 17. h3 Nf6 18. Qe2 Qc7 19. Ne5 Red8 20. Ng4
Nxg4 21. Qxg4 Qe7 22. d5 exd5 23. exd5 Qd6 24. Rg3 g6 25. h4 h5 26. Qf3 Rc5 27.
Rg5 Rdc8 28. Qxh5 Rc1 29. g3 Rxd1+ 30. Qxd1 b5 31. h5 Qf6 32. Qg4 Rc1+ 33. Kg2
Qa1 34. Qe4 Rg1+ 35. Kh2 Qf1 36. Qf3 Kg7 37. hxg6 fxg6 38. Qc3+ Kh6 39. Qh8+
Kxg5 40. Qh4+ Kf5 41. Qf4# 1-0

[Event "European Blitz Championship 2021"]
[Site "Katowice"]
[Date "2021.12.17"]
[Round "7.21"]
[White "Skawinski, Arkadiusz"]
[Black "Laurusas, Tomas"]
[Result "0-1"]
[WhiteElo "2184"]
[BlackElo "2553"]
[Annotator "ChessBase"]
[PlyCount "80"]
[EventDate "2021.12.17"]
[EventType "swiss"]
[EventCountry "POL"]
[SourceTitle "playchess.com"]
[Source "ChessBase"]
[SourceQuality "1"]

1. e4 c5 2. Nf3 e6 3. c3 d5 4. exd5 Qxd5 5. d4 Nf6 6. Be3 cxd4 7. cxd4 Bb4+ 8.
Nc3 O-O 9. Bd3 b6 10. O-O Bxc3 11. bxc3 Bb7 12. Re1 Nbd7 13. c4 Qa5 14. Rb1
Rfd8 15. Qc2 Bxf3 16. gxf3 Rac8 17. Qe2 a6 18. f4 g6 19. Bd2 Qa4 20. Be3 Qc6
21. h3 Rb8 22. Rbc1 Qd6 23. Red1 b5 24. cxb5 axb5 25. Bxb5 Nb6 26. Qf3 Qa3 27.
Rc2 Nbd5 28. Bf1 Nh5 29. Bg2 Ng7 30. Rdc1 Nf5 31. Re1 Nb4 32. Rc7 Qxa2 33. Qd1
Nd5 34. Rc5 Rb2 35. Bxd5 Rxd5 36. Qf3 Rd8 37. Rec1 Rb1 38. Kg2 Rxc1 39. Rxc1
Qa3 40. Rd1 Nh4+ 0-1

[Event "European Blitz Championship 2021"]
[Site "Katowice"]
[Date "2021.12.17"]
[Round "7.22"]
[White "Pakleza, Zbigniew"]
[Black "Mikhaletz, Lubomir"]
[Result "1-0"]
[WhiteElo "2496"]
[BlackElo "2122"]
[Annotator "ChessBase"]
[PlyCount "65"]
[EventDate "2021.12.17"]
[EventType "swiss"]
[EventCountry "POL"]
[SourceTitle "playchess.com"]
[Source "ChessBase"]
[SourceQuality "1"]

1. d4 d6 2. Nf3 Bg4 3. Bf4 Nd7 4. Nbd2 Ngf6 5. h3 Bh5 6. c3 c6 7. Qb3 Qc7 8. e3
e5 9. Bh2 e4 10. Ng1 Qb6 11. Nc4 Qxb3 12. axb3 d5 13. Na5 Be7 14. Nxb7 O-O 15.
b4 g5 16. Na5 Rfc8 17. Ba6 Ne8 18. Bxc8 Rxc8 19. Ne2 Bg6 20. Nb3 Ra8 21. Ra6
Nb6 22. O-O Nd6 23. Bxd6 Bxd6 24. Rfa1 Rc8 25. Rxa7 Kg7 26. Nc5 Nc4 27. b3 Nb2
28. Ra8 Rc7 29. R1a7 Nd3 30. Rxc7 Bxc7 31. Ne6+ fxe6 32. Ra7 Kf6 33. Rxc7 1-0

[Event "European Blitz Championship 2021"]
[Site "Katowice"]
[Date "2021.12.17"]
[Round "7.22"]
[White "Szwed, Jacek"]
[Black "Budzisz, Adrian"]
[Result "1/2-1/2"]
[WhiteElo "2346"]
[BlackElo "1985"]
[Annotator "NA"]
[PlyCount "114"]
[EventDate "2021.12.17"]
[EventType "swiss"]
[EventCountry "POL"]
[SourceTitle "playchess.com"]
[Source "ChessBase"]
[SourceQuality "1"]

1. e4 e6 2. d4 d5 3. Nd2 c5 4. exd5 exd5 5. Bb5+ Bd7 6. Bxd7+ Nxd7 7. Ne2 Ngf6
8. O-O Be7 9. dxc5 Nxc5 10. Nb3 Nce4 11. f3 Nd6 12. Nbd4 O-O 13. b3 Rc8 14. Bb2
Re8 15. Ng3 Qd7 16. Qd3 Bf8 17. Ndf5 Nxf5 18. Nxf5 Qc6 19. Rac1 g6 20. Nd4 Qb6
21. Kh1 Bg7 22. Rce1 a6 23. Ba1 Rxe1 24. Rxe1 Qa5 25. Rd1 Qxa2 26. Bc3 Qa3 27.
Ne2 Qc5 28. Rd2 Ne4 29. fxe4 Bxc3 30. Nxc3 Qxc3 31. Qxc3 Rxc3 32. exd5 Kf8 33.
Kg1 Ke7 34. Kf2 Kd6 35. Ke1 b5 36. Kd1 Rc5 37. Rf2 Rxd5+ 38. Kc1 f5 39. Re2 Re5
40. Rd2+ Kc7 41. Kb2 a5 42. Kc3 h5 43. Kd4 Re4+ 44. Kd5 a4 45. bxa4 bxa4 46. c4
h4 47. Ra2 Rg4 48. c5 f4 49. Rxa4 Rxg2 50. Rxf4 Rxh2 51. Rf7+ Kd8 52. Kd6 Rd2+
53. Ke6 h3 54. Rh7 h2 55. Kf6 Kc8 56. Kxg6 Rg2+ 57. Kf6 Re2 1/2-1/2

[Event "European Blitz Championship 2021"]
[Site "Katowice"]
[Date "2021.12.17"]
[Round "7.23"]
[White "Tazbir, Marcin"]
[Black "Kacprzak, Karol"]
[Result "1/2-1/2"]
[WhiteElo "2508"]
[BlackElo "2155"]
[Annotator "ChessBase"]
[PlyCount "87"]
[EventDate "2021.12.17"]
[EventType "swiss"]
[EventCountry "POL"]
[SourceTitle "playchess.com"]
[Source "ChessBase"]
[SourceQuality "1"]

1. c4 c5 2. g3 Nc6 3. Bg2 g6 4. Nc3 Bg7 5. e3 e6 6. Nge2 Nge7 7. Nf4 O-O 8. O-O
a6 9. b3 Rb8 10. Bb2 d6 11. Na4 b5 12. Bxg7 Kxg7 13. Nc3 bxc4 14. bxc4 Qa5 15.
Rb1 Bd7 16. Ne4 Qc7 17. Qc2 e5 18. Ne2 Be6 19. a3 h6 20. d3 f5 21. N4c3 Qa5 22.
Nd5 Bxd5 23. cxd5 Na7 24. a4 Rb4 25. f4 exf4 26. Nxf4 Rfb8 27. Qc3+ Kf7 28. Ne6
Rg8 29. e4 Rxa4 30. Qxa5 Rxa5 31. Rb7 Nac8 32. exf5 Rb5 33. fxg6+ Kxg6 34. Be4+
Kh5 35. Rc7 a5 36. Rf2 a4 37. Ra2 Rb4 38. Kg2 Ng6 39. Rf7 Nce7 40. Bf3+ Rg4 41.
Bxg4+ Kxg4 42. Rxa4+ Kh5 43. Kh3 Nxd5 44. g4# 1/2-1/2

[Event "European Blitz Championship 2021"]
[Site "Katowice"]
[Date "2021.12.17"]
[Round "7.23"]
[White "Kalogeris, Ioannis"]
[Black "Drozniak, Stanislaw"]
[Result "1-0"]
[WhiteElo "2287"]
[BlackElo "1911"]
[Annotator "NA"]
[PlyCount "59"]
[EventDate "2021.12.17"]
[EventType "swiss"]
[EventCountry "POL"]
[SourceTitle "playchess.com"]
[Source "ChessBase"]
[SourceQuality "1"]

1. e4 c5 2. Nf3 d6 3. Nc3 Nf6 4. Bc4 Nc6 5. O-O g6 6. d4 cxd4 7. Nxd4 Bg7 8.
Re1 Nxd4 9. Qxd4 O-O 10. h3 Bd7 11. Qd3 Bc6 12. Bg5 Nd7 13. Qe3 Rc8 14. Qxa7
Nc5 15. Qa3 h6 16. Bf4 Ra8 17. Qb4 Na6 18. Bxa6 Rxa6 19. a4 Rb6 20. Nb5 Qd7 21.
c4 Qe6 22. Rad1 Qf6 23. Bc1 Ra8 24. b3 Bxb5 25. axb5 Ra2 26. Be3 Rba6 27. bxa6
bxa6 28. Rd2 Rxd2 29. Qxd2 Qe6 30. Qd5 1-0

[Event "European Blitz Championship 2021"]
[Site "Katowice"]
[Date "2021.12.17"]
[Round "7.24"]
[White "Kastelik, Adrian"]
[Black "Kubicka, Anna"]
[Result "0-1"]
[WhiteElo "2248"]
[BlackElo "2273"]
[Annotator "NA"]
[PlyCount "102"]
[EventDate "2021.12.17"]
[EventType "swiss"]
[EventCountry "POL"]
[SourceTitle "playchess.com"]
[Source "ChessBase"]
[SourceQuality "1"]

1. d4 Nf6 2. c4 c5 3. d5 e6 4. Nc3 exd5 5. cxd5 d6 6. e4 g6 7. Nge2 Bg7 8. Ng3
O-O 9. Be2 a6 10. a4 Re8 11. O-O Nbd7 12. Be3 Rb8 13. Qd2 Ne5 14. h3 b5 15.
axb5 axb5 16. Bxb5 Bd7 17. Be2 Rb4 18. Ra6 Qb8 19. f4 Nc4 20. Bxc4 Rxc4 21. e5
dxe5 22. f5 Bb5 23. Rxf6 Bxf6 24. fxg6 Rf4 25. Bxf4 Bxf1 26. gxf7+ Kxf7 27.
Kxf1 exf4 28. Nge4 Qe5 29. Qd3 Kg7 30. d6 Qd4 31. Qa6 c4 32. Qb7+ Kg6 33. Qc6
Qd3+ 34. Kg1 Bd4+ 35. Kh2 Re6 36. Qd7 Rxe4 37. Nxe4 Qxe4 38. Qg4+ Kf7 39. d7
Bf6 40. Qh5+ Ke7 41. Qb5 Qd4 42. Kh1 Qxd7 43. Qxc4 Be5 44. Qc2 Kf6 45. b3 Qd4
46. Qc6+ Qd6 47. Qc2 Qa6 48. Qf2 Qa1+ 49. Kh2 f3+ 50. g3 Qb2 51. Kg1 Bd4 0-1

[Event "European Blitz Championship 2021"]
[Site "Katowice"]
[Date "2021.12.17"]
[Round "7.24"]
[White "Tymrakiewicz, Rafal"]
[Black "Bernadskiy, Vitaliy"]
[Result "1/2-1/2"]
[WhiteElo "2172"]
[BlackElo "2592"]
[Annotator "RC"]
[PlyCount "158"]
[EventDate "2021.12.17"]
[EventType "swiss"]
[EventCountry "POL"]
[SourceTitle "playchess.com"]
[Source "ChessBase"]
[SourceQuality "1"]

1. e4 c5 2. c3 d5 3. exd5 Qxd5 4. d4 Nf6 5. Nf3 e6 6. Be2 Be7 7. O-O O-O 8. Be3
cxd4 9. cxd4 Nc6 10. Nc3 Qd6 11. h3 Rd8 12. Bd3 b6 13. Qe2 Bb7 14. Rfd1 Nb4 15.
Bb5 Rac8 16. a3 Nbd5 17. Nxd5 Nxd5 18. Ba6 Bxa6 19. Qxa6 Rc2 20. Rd2 Rc7 21.
Re1 Rdc8 22. Ne5 Nxe3 23. fxe3 Bh4 24. Red1 Bg5 25. Qd3 Qd5 26. Nf3 Bh6 27. Re2
g6 28. Kf2 Bg7 29. Rdd2 Qc4 30. Qxc4 Rxc4 31. Rd1 a5 32. Red2 h6 33. Ke2 b5 34.
Kd3 Kf8 35. Rf1 Ke7 36. Rff2 Kd6 37. Rc2 f5 38. Rxc4 Rxc4 39. Rc2 Rxc2 40. Kxc2
Kd5 41. Kd3 g5 42. Nd2 e5 43. dxe5 Bxe5 44. b3 a4 45. bxa4 bxa4 46. Nc4 Bc7 47.
Nb2 Bd6 48. Nxa4 Bxa3 49. Nc3+ Ke5 50. g3 Bb4 51. Ne2 g4 52. hxg4 fxg4 53. Nf4
Be1 54. Nh5 Kf5 55. Ke2 Ba5 56. Nf4 Ke4 57. Nh5 Bc3 58. Nf4 Be5 59. Kf2 Bc7 60.
Ke2 Bb6 61. Ng2 Bc5 62. Kf2 h5 63. Ke2 Bb6 64. Kf2 Bc5 65. Ke2 Kf5 66. Kd3 Bb4
67. Nf4 Kg5 68. Ne6+ Kh6 69. Nf4 Be1 70. Ne2 Kg5 71. Ke4 Ba5 72. Ke5 Bc7+ 73.
Ke4 Bb8 74. Nf4 Ba7 75. Kd3 Bb6 76. Ke4 Ba5 77. Ne2 Be1 78. Ke5 Bf2 79. Ke4 Be1
1/2-1/2

[Event "European Blitz Championship 2021"]
[Site "Katowice"]
[Date "2021.12.17"]
[Round "7.25"]
[White "Grzesik, Gracjan"]
[Black "Sharankov, Grigory"]
[Result "1-0"]
[WhiteElo "2208"]
[BlackElo "2238"]
[Annotator "NA"]
[PlyCount "95"]
[EventDate "2021.12.17"]
[EventType "swiss"]
[EventCountry "POL"]
[SourceTitle "playchess.com"]
[Source "ChessBase"]
[SourceQuality "1"]

1. c4 e6 2. Nc3 d5 3. d4 Nf6 4. cxd5 exd5 5. Bg5 Be7 6. e3 c6 7. Bd3 Nbd7 8.
Qc2 Nh5 9. Bxe7 Qxe7 10. Nge2 g6 11. O-O O-O 12. a3 Nb6 13. Rfe1 Be6 14. f3
Rae8 15. e4 Kg7 16. Qc1 Qh4 17. Qe3 f5 18. e5 f4 19. Qf2 Qe7 20. b4 Bf5 21.
Bxf5 Rxf5 22. Rec1 Nc4 23. b5 Rg5 24. Nd1 Qe6 25. bxc6 bxc6 26. Rab1 Re7 27.
Rb8 Nxa3 28. Ra1 Nc4 29. Rab1 Nb6 30. Nec3 Rf5 31. Qc2 Rf8 32. Rxf8 Kxf8 33.
Na4 Kg7 34. Nxb6 axb6 35. Rxb6 Rc7 36. Qc5 g5 37. Nf2 Kg6 38. Qd6 Ng7 39. Qxc7
Qf5 40. Rxc6+ Kh5 41. h3 Kh4 42. Nh1 Nh5 43. Rc1 Qd3 44. Qc2 Qxd4+ 45. Qf2+ Ng3
46. Qxd4 Ne2+ 47. Kf2 Nxd4 48. Rd1 1-0